Europa desde 1945 / (Record no. 53535)

MARC details
000 -LEADER
campo de control de longitud fija 00984nam a2200301 i 4500
001 - NÚMERO DE CONTROL
campo de control 53535
003 - IDENTIFICADOR DE NÚMERO DE CONTROL
campo de control ES-MaACL
005 - FECHA Y HORA DE LA ÚLTIMA TRANSACCIÓN
campo de control 20230906162802.0
007 - CAMPO FIJO DE DESCRIPCIÓN FÍSICA--INFORMACIÓN GENERAL
campo de control de longitud fija t|
008 - DATOS DE LONGITUD FIJA--INFORMACIÓN GENERAL
campo de control de longitud fija 031031s2002 sp ||||0| spa
020 ## - NÚMERO INTERNACIONAL ESTÁNDAR DEL LIBRO
Número Internacional Estándar del Libro 84-8432-308-0
080 ## - NÚMERO DE LA CLASIFICACIÓN DECIMAL UNIVERSAL
Número de la Clasificación Decimal Universal 32(4)"1945/.."
080 ## - NÚMERO DE LA CLASIFICACIÓN DECIMAL UNIVERSAL
Número de la Clasificación Decimal Universal 338.1(4)"1945/.."
080 ## - NÚMERO DE LA CLASIFICACIÓN DECIMAL UNIVERSAL
Número de la Clasificación Decimal Universal 327(4)"1945/.."
245 00 - MENCIÓN DEL TÍTULO
Título Europa desde 1945 /
Mención de responsabilidad, etc. edición de Mary Fulbrook ; traducción castellana de Joan Lluís Riera.
260 ## - PUBLICACIÓN, DISTRIBUCIÓN, ETC.
Lugar de publicación, distribución, etc. Barcelona :
Nombre del editor, distribuidor, etc. Crítica,
Fecha de publicación, distribución, etc. [2002]
300 ## - DESCRIPCIÓN FÍSICA
Extensión 350 p ;
Dimensiones 23 cm.
490 1# - MENCIÓN DE SERIE
Mención de serie Historia de Europa Oxford
504 ## - NOTA DE BIBLIOGRAFÍA, ETC.
Nota de bibliografía, etc. Bibliografía: p. [305]-315.
651 ## - PUNTO DE ACCESO ADICIONAL DE MATERIA--NOMBRE GEOGRÁFICO
Nombre geográfico Europa-
Subdivisión general Política y gobierno-
Subdivisión cronológica 1945-1989.
9 (RLIN) 141222
651 ## - PUNTO DE ACCESO ADICIONAL DE MATERIA--NOMBRE GEOGRÁFICO
Nombre geográfico Europa-
Subdivisión general Situación económica-
Subdivisión cronológica 1945-1989.
9 (RLIN) 8634
651 ## - PUNTO DE ACCESO ADICIONAL DE MATERIA--NOMBRE GEOGRÁFICO
Nombre geográfico Europa-
Subdivisión general Política exterior-
Subdivisión cronológica 1945-1989.
9 (RLIN) 172930
700 1# - ENTRADA AGREGADA--NOMBRE PERSONAL
Nombre de persona Fulbrook, Mary.
9 (RLIN) 52992
700 1# - ENTRADA AGREGADA--NOMBRE PERSONAL
Nombre de persona Riera, Joan.
9 (RLIN) 97107
830 1# - PUNTO DE ACCESO ADICIONAL DE SERIE-TÍTULO UNIFORME
Título uniforme Historia de Europa Oxford
9 (RLIN) 182444
852 ## - LOCALIZACIÓN
Ubicación ES-MaACL
Número de control de estantería L-26587
Holdings
Estatus retirado Estado de pérdida Estado de daño No para préstamo Biblioteca de origen Biblioteca actual Ubicación en estantería Fecha de adquisición Fuente de adquisición Total de préstamos Signatura topográfica completa Código de barras Visto por última vez Precio de reemplazo Tipo de ítem Koha
        Biblioteca del Ateneo de Madrid Biblioteca del Ateneo de Madrid Depósito 2 17/01/2008     L-26587 1056255 23/02/2023 23/02/2023 Libro impreso